| 000 | 01255nam0a22002891 4500 | ||
|---|---|---|---|
| 001 | rc\4974877 | ||
| 005 | 20130430130743.6 | ||
| 021 |
_aRU _bРг9320-64 |
||
| 035 | _a(NLR Aleph) 008965284 | ||
| 090 |
_a9090013 _c9090013 |
||
| 100 | _a20130430d1963 |||y0rusy50 ca | ||
| 101 | 1 |
_arus _cund |
|
| 102 | _aRU | ||
| 105 | _aa z ||||| | ||
| 200 | 1 |
_aПроцесс перемешивания в керамической промышленности _fВсерос. совнархоз. Гос. ком. строит., дор. и коммун. машиностроения при Госстрое СССР. Науч.-исслед. ин-т по машинам для пром-сти строит. материалов. НИИСтроммаш. Отд. науч.-техн. информации |
|
| 210 |
_aЛенинград _cБ. и. _d1963 |
||
| 215 |
_a[1], 18 л. _cил. _d30 |
||
| 225 | 1 |
_aПеревод _v№ 976 П 793 |
|
| 300 | _aОтпеч. множит. аппаратом | ||
| 300 | _aПер. из: "Euro-Ceramic", 1961, № 2 | ||
| 300 | _aНа обл. авт. не указан | ||
| 700 | 1 |
_aРиз _bГ. Б. _gГанс Б. |
|
| 801 | 0 |
_aRU _bNLR _gpsbo |
|
| 801 | 1 |
_aRU _bELAR _2rusmarc |
|
| 852 |
_aNLR _j63-8/2760 |
||
| 942 | _cBOOK | ||
| 980 | _aNB | ||